History Quiz

Random History or Year Quiz

Historical Events of 1993 Quiz Stats

 Plays Quiz Updated Sep 4, 2014

Support Sporcle.
Go Orange.
Score 0/26 Timer 06:00
2 Plays Today
Description Event % Correct
This politician succeeds George H.W. Bush as President of the United States of AmericaPresident Bill Clinton
96.3%
This blockbuster movie about dinosaurs comes roaring into theatersJurassic Park
84.3%
The first version of this operating system is released by MicrosoftWindows NT
79.1%
A truck bomb explodes in a parking garage beneath this New York City landmarkThe World Trade Center
75.8%
NBC offers 'The Tonight Show' to this comedianDavid Letterman
75.6%
Computerworld publishes an article called 'Doomsday 2000', the first known publicized reference to this bugY2K bug
69.5%
This director wins the Academy Award for Best Director for his western film, UnforgivenClint Eastwood
66.6%
This international organization votes unanimously to appoint a High Commissioner for Human RightsThe United Nations
61.8%
Several bombs explode in this Indian city, killing 257 peopleBombay
61.2%
Formal relations were established between the Vatican City and this middle-eastern countryIsrael
59.7%
This team becomes the first team to lose the Super Bowl three consecutive timesBuffalo Bills
56.9%
After a helicopter crash, a large battle ensues between American troops and local militia in this countrySomalia
56.3%
The UN Security Council votes to prosecute international law violations in this European countryYugoslavia
52.3%
Description Event % Correct
A 7.5 earthquake hits this country, killing 385 peopleJapan
51.2%
The Velvet Divorce is the nickname created for the dissolution of this country on this dayCzechoslovakia
50%
This science fiction TV series premieres and goes on to air 9 seasons and 202 episodesThe X-Files
44.1%
Russia withdraws troops from this European countryPoland
43.7%
Fisher Price and this other toy company mergeMattel
39.6%
A standoff with this group ends with a fire that kills 76 peopleThe Branch Davidians
36.8%
Protests against Prime Minister Slobodan Milošević erupt in this cityBelgrade
32.2%
This space shuttle is launched to make repairs to the Hubble Space TelescopeEndeavour
26.9%
The Maastricht Treaty takes effect, formally establishing this international groupEuropean Union
26.8%
A ferry in this island country sinks, killing 1,215 peopleHaiti
17.5%
A coup resulting in the death of President Melchior Ndadaye touches off a civil war in this countryBurundi
6.2%
Eritrea and this country gain entry to the United NationsMonaco
2.6%
NASA loses radio contact with this spacecraftMars Observer
1.4%

You're not logged in!

Compare scores with friends on all Sporcle quizzes.
OR
Log In

From the Vault

Starts with G, Ends with N

by BillyJoelRulez

Warning: This quiz is not gluten-free.
Remove Ads.
Support Sporcle.
Get the best of Sporcle when you Go Orange. This ad-free experience offers more features, more stats, and more fun while also helping to support Sporcle. Thank you for becoming a member.

Show Comments

Extras

Top Quizzes Today


Score Distribution

Your Account Isn't Verified!

In order to create a playlist on Sporcle, you need to verify the email address you used during registration. Go to your Sporcle Settings to finish the process.

Report this User

Report this user for behavior that violates our Community Guidelines.

Details: